Актуальные вопросы истории Западной Сибири: сборник научных статей

Dettagli Bibliografici
Ente Autore: Сургутский государственный университет (СурГУ)
Riassunto:Сборник научных статей включает работы как признанных историков, так и начинающих авторов. Он посвящен актуальным вопросам развития Сибири на протяжении ее многовековой истории и будет полезен всем интересующимся ее прошлым.
Lingua:russo
Pubblicazione: Сургут, Изд-во СурГУ, 2008
Soggetti:
Natura: Libro
KOHA link:https://koha.lib.tpu.ru/cgi-bin/koha/opac-detail.pl?biblionumber=150977

MARC

LEADER 00000nam0a2200000 4500
001 150977
005 20231101221528.0
010 |a 589545304X 
035 |a (RuTPU)RU\TPU\book\163706 
090 |a 150977 
100 |a 20090116d2008 k y0rusy50 ca 
101 0 |a rus 
102 |a RU 
105 |a a z 001zy 
200 1 |a Актуальные вопросы истории Западной Сибири  |e сборник научных статей  |f Сургутский государственный университет (СурГУ) 
210 |a Сургут  |c Изд-во СурГУ  |d 2008 
215 |a 208 с.  |c ил. 
320 |a Библиография в конце статей 
330 |a Сборник научных статей включает работы как признанных историков, так и начинающих авторов. Он посвящен актуальным вопросам развития Сибири на протяжении ее многовековой истории и будет полезен всем интересующимся ее прошлым. 
606 1 |a Западная Сибирь  |x История  |2 stltpush  |3 (RuTPU)RU\TPU\subj\67195  |9 83078 
610 1 |a научные статьи 
610 1 |a земледелие 
610 1 |a регулярные войска 
610 1 |a православная церковь 
610 1 |a просветительская деятельность 
610 1 |a субэтнические группы 
610 1 |a города 
610 1 |a финансирование 
610 1 |a благоустройство 
610 1 |a средние учебные заведения 
610 1 |a судоходство 
610 1 |a ссыльнопоселенцы 
610 1 |a ссыльные 
610 1 |a молодежь 
610 1 |a социалистическое соревнование 
610 1 |a театр 
610 1 |a музеи 
610 1 |a транспорт 
610 1 |a нагайбаки 
610 1 |a Сибирь 
610 1 |a Западная Сибирь 
686 |a Т3(253.3)  |v LBC/SL-A  |2 rubbk 
712 0 2 |a Сургутский государственный университет (СурГУ)  |2 stltpush  |3 (RuTPU)RU\TPU\col\3446 
801 1 |a RU  |b 63413507  |c 20090116  |g PSBO 
801 2 |a RU  |b 63413507  |c 20170830  |g PSBO 
942 |c BK